Handbook of aging and the social sciences

Αποθηκεύτηκε σε:
Λεπτομέρειες βιβλιογραφικής εγγραφής
Άλλοι συγγραφείς: Binstock, Robert H. (Επιμελητής έκδοσης), George, Linda K. (Επιμελητής έκδοσης)
Μορφή: Βιβλίο
Γλώσσα:English
Δημοσίευση: San Diego : Academic Press, c1996
Έκδοση:4th ed.
Σειρά:Handbooks of aging
Θέματα:
Ετικέτες: Προσθήκη ετικέτας
Δεν υπάρχουν, Καταχωρήστε ετικέτα πρώτοι!

MARC

LEADER 00000nam a2200000 i 4500
001 1/26597
008 981217s1996 eng d
020 |a 0-12-099191-8 
035 |l 10037619 
040 |a GR-MY-UA  |b gre  |e aacr 
041 0 |a eng 
082 0 |a 305.26 
245 1 0 |a Handbook of aging and the social sciences /  |c Editors, Robert H. Binstock and Linda K. George; associate editors Victor W. Marshall, George C. Myers and James H. Schulz 
250 |a 4th ed. 
260 |a San Diego :   |b Academic Press,   |c c1996 
300 |a 534 p. 
490 1 |a Handbooks of aging 
504 |a Includes index 
650 0 0 |a Gerontology. 
650 0 0 |a Older people  |x Social aspects. 
650 0 0 |a Life change events in old age. 
650 0 0 |a Older people  |x Care. 
700 1 |a Binstock, Robert H.  |4 edt 
700 1 |a George, Linda K.  |4 edt 
830 0 |a Handbooks of aging 
852 |a INST  |b LESVOS  |e 19981217  |h 305.26 HAN  |p 005100017435  |q 005100017435  |t BK  |y 0 
901 |a BIBL-1999-1 
909 |a Λ  |b 061111 
922 |a 1ΕΛΗ  |b 199811  |c ΚΠΣ/ΤΚ  |d ΠΑΠΑΣΩΤΗΡΙΟΥ 
950 |a 103-1998-07-27